| 000 | 00403nam a2200145 a 4500 | ||
|---|---|---|---|
| 005 | 20140412111412.0 | ||
| 008 | 070215s19uu xx 00 eng d | ||
| 020 | _a0-86163-968-5 | ||
| 050 |
_aM 623.8 _bSh6 1999 |
||
| 245 | _aShips and boats. | ||
| 260 |
_aLondon : _bAwards Publications limited, _c1999. |
||
| 440 | _aPicture the world of... | ||
| 650 | _aShips- Juvenile literaure | ||
| 999 |
_c105720 _d105720 |
||